Quiz sur le Pays-de-la-Loire - Statistiques

Statistiques générales
  • Ce quiz a été pris 31 fois
  • Le résultat moyen est 11 sur 15
Statistiques - réponses
Questions Réponses % Correct
Combien y-a t'il de département ? 5
100%
Cite une région historique du Pays-de-la-Loire Anjou | Bretagne | Maine | Poitou
100%
Cite une région française frontalière de la région Bretagne | Normandie | Centre-Val-de-Loire | Nouvelle-Aquitaine
100%
Quel est la capitale du Pays-de-la-Loire ? Nantes
100%
Dans quel ville a lieu une célèbre compétition automobile d'endurance tous les ans ? Le Mans
97%
Quel course à la voile en solitaire autour du monde part tous les quatre ans des Sables-d'Olonne ? Le Vendée Globe
97%
Quel est la 2e ville la plus peuplé ? Angers
93%
Quel est la population (au million près) ? 3,9 millions
90%
Quel célèbre parc à thème historique se situe en Vendée ? Le Puy du Fou
90%
Quel roi a promulgué un édit de tolérance dans la capitale de la région pour mettre fin aux Guerres de Religion en 1598 ? Henri IV
67%
Quel est le nom du festival de musique spécialisé dans les musiques extrêmes qui est annuellement organisé à Clisson ? Hellfest
63%
Quel état américain tire son nom de l'une d'une des régions historiques du Pays-de-la-Loire ? Maine
63%
Quel est le nom du marais situé en partie dans la Vendée, dans le Poitou ? Elle est la 2e plus grande zone humide de France après la Camargue. Marais poitevin
60%
Quel fameuse oeuvre situé au château d'Angers est le plus important ensemble de tapisseries médiévales du monde ? Tenture de l'Apocalypse
13%
Nom d'une célèbre festival international de science-fiction basé dans la capitale de la région Utopiales
13%
Aucun quiz correspondant
Distribution des résultats
% des personnes avec chaque résultat
Percentile par nombre de réponses
Votre historique - résultats
Vous n’avez pas pris ce quiz